Southville International School and Colleges
Your cart is empty.
  • Cart
  • Lists
    Public lists Eva Luna New books Lux_list list_1
    Your lists Log in to create your own lists
  • Log in to your account
  • Your cookies
  • Search history
Southville International School and Colleges
  • Advanced search
  • Recent comments
  • Most popular
  • Libraries

Log in to your account

Log in with GOOGLE


If you do not have an external account, but do have a local account, you can still log in:

  1. Home
  2. MARC view: A social safety net? Rejecion sensitivity and political opinion sharing among young people in social media /
Normal view MARC view ISBD view

A social safety net? Rejecion sensitivity and political opinion sharing among young people in social media / (Record no. 361433)

[ view plain ]
MARC details
000 -LEADER
fixed length control field 00600nam a2200181Ia 4500
008 - FIXED-LENGTH DATA ELEMENTS--GENERAL INFORMATION
fixed length control field 190422s9999 xx 000 0 und d
100 ## - MAIN ENTRY--PERSONAL NAME
Personal name Back, Emma A
245 #2 - TITLE STATEMENT
Title A social safety net? Rejecion sensitivity and political opinion sharing among young people in social media /
245 ## - TITLE STATEMENT
Statement of responsibility, etc Emma A Back, Hanna Back, Annika Freden and Nils Gustaffsson.--
260 ## - PUBLICATION, DISTRIBUTION, ETC. (IMPRINT)
Name of publisher, distributor, etc Sage
260 ## - PUBLICATION, DISTRIBUTION, ETC. (IMPRINT)
Date of publication, distribution, etc 2019
300 ## - PHYSICAL DESCRIPTION
Extent pages 298-316, February 2019
440 ## - SERIES STATEMENT/ADDED ENTRY--TITLE
Title New Media & Society
Volume number/sequential designation 21(2)
650 ## - SUBJECT ADDED ENTRY--TOPICAL TERM
Topical term or geographic name as entry element Opinion Sharing
650 ## - SUBJECT ADDED ENTRY--TOPICAL TERM
Topical term or geographic name as entry element Opinion Sharing
650 ## - SUBJECT ADDED ENTRY--TOPICAL TERM
Topical term or geographic name as entry element Social Media
650 ## - SUBJECT ADDED ENTRY--TOPICAL TERM
Topical term or geographic name as entry element Spiral of Silence

No items available.

A social safety net? Rejecion sensitivity and political opinion sharing among young people in social media /

APA

Back E. A., .A social safety net? Rejecion sensitivity and political opinion sharing among young people in social media. : Sage.

Chicago

Back Emma A, .A social safety net? Rejecion sensitivity and political opinion sharing among young people in social media. : Sage.

Harvard

Back E. A., .A social safety net? Rejecion sensitivity and political opinion sharing among young people in social media. : Sage.

MLA

Back Emma A, .: Sage. .

  • Print
  • Cite
  • Add to your cart (remove)
  • Save record
    BIBTEX Dublin Core MARCXML MARC (non-Unicode/MARC-8) MARC (Unicode/UTF-8) MARC (Unicode/UTF-8, Standard) MODS (XML) RIS
  • More searches
    Search for this title in:
    Other Libraries (WorldCat) Other Databases (Google Scholar) Online Stores (Bookfinder.com) Open Library (openlibrary.org)

Exporting to Dublin Core...

SOUTHVILLE LIBRARY

Southville International School and Colleges Library

1281 Tropical Ave. Cor. Luxembourg St., BF Homes International, Las Pinas City

Tel. No. 8256374 / 252358 Loc. 117/146

Powered by Koha